000 00579nam a2200253Ia 4500
003 0100
008 130303s9999 xx 000 0 und d
020 _a0826450865
040 _cARRUPELIB
050 _aB4378 .C5 W38 1997
100 _aWatkin, Julia
245 _aKierkegaard
260 _aLondon
260 _bContinuum
260 _C1997
300 _axxi
300 _b 120 p. 22 cm
440 _aOutstanding christian thinkers
650 _aPHILOSOPHY
650 _bPostmodernism
650 _cAltruism
650 _dAnalysis (Philosophy)
942 0 0 _02
999 _c15361
_d15361